000 00665nam a2200241Ia 4500
003 OSt
005 20220926022944.0
006 a|||||r|||| 00| 0
007 ta
008 220923b |||||||| |||| 00| 0 eng d
037 _cGeneral Book
040 _aRTL
_cRTL
_beng
041 _2eng
_aeng
082 _aX651.73.N6, K9
100 _aBrooks John
_9129271
245 0 _aBusiness adventures
_b The great money game played
250 _a11th
260 _aNew York
_bWeybright and Talley
_c1969
300 _a373p.
_ccm.
650 _aStock Exchange
942 _hX651.73.N6, K9
_cGB
_2CC
999 _c640650
_d640650